000 00864nam a2200265Ia 4500
003 OSt
005 20220918170207.0
006 a|||||r|||| 00| 0
007 ta
008 220917b |||||||| |||| 00| 0 eng d
020 _a978 0 7486 4357 8 (hbk)
_c6608.55
024 _a280,900
037 _b40681, 21/03/2014, Segment Book Distributors
_cTextual
040 _aARTS
_cARTS
_beng
041 _2eng
_aeng
082 _aO111,1L59:g, Q2
100 _aSergeant David Ed.
_927534
245 0 _aBurns and other poets
260 _aEdinburgh
_bEdinbugh University Press UK
_c2012
300 _avi, 230p.
_ccm.
650 _aENGLISH LITERATURE
700 _a Stafford Fiona Ed.
_927535
942 _hO111,1L59:g, Q2
_cTEXL
_2CC
999 _c133004
_d133004